000 nam a22 a 4500
999 _c1936
_d1936
003 AKMAL
005 20170512130139.0
008 170512s1995 my | e l 000 0 eng d
020 _a9677003399 (pbk.) :
_cRM 20.00
040 _aAKMAL
_cAKMAL
082 0 4 _a344.595023 EMP
_222
090 0 0 _a344.595023
_bEMP
110 1 _aMalaysia
_9400
240 1 0 _aAkta Keselamatan Sosial Pekerja 1969.
_lEnglish
245 1 0 _aEmployees' Social Security Act (SOCSO) and regulations with index (Act 4) :
_b(all amendments up to July 1995) /
_compiled by: MDC Legal Advisors
260 _aKuala Lumpur :
_bMDC Publishers Printers,
_c1995
300 _avi, 257p. ;
_c26cm.
490 1 _aLaws of Malaysia
650 1 0 _aSocial security
_xLaw and legislation
_zMalaysia
_94013
650 2 0 _aLabor laws and legislation
_zMalaysia
_93695
650 2 0 _aWorkers' compensation
_xLaw and legislation
_zMalaysia
_94014
710 2 _aMDC Legal Advisers
_94015
830 0 _aLaws of Malaysia
_91830
942 _2ddc
_cBOOK